000 00216 a2200097 4500
001 45615
100 _aHemingway E
245 _athe dangerous summer
260 _aLondon
_bHamish Hamilton
_c
090 _c28781
_d28781
942 _aNUST-CAE
_cM
_c20870
999 _c280688
_d280688